000 00337 a2200145 4500
001 155676
040 _cEscola São Tomás de Aquino
100 _aGONZAGA, Tomás Antônio
240 1 0 _aTomás Antônio Gonzaga
_lpor
245 1 0 _aTomás Antônio Gonzaga
300 _a106
362 0 _a1980
697 _aGENERALIDADES
942 _cBK
999 _c155676
_d155676